|
|
|
|
| LEADER |
00000nam0a2200000 4500 |
| 001 |
37668 |
| 005 |
20231101210439.0 |
| 035 |
|
|
|a (RuTPU)RU\TPU\book\38258
|
| 090 |
|
|
|a 37668
|
| 100 |
|
|
|a 20020129d1974 km y0rusy50 ca
|
| 101 |
0 |
|
|a rus
|
| 102 |
|
|
|a BY
|
| 105 |
|
|
|a a g 001zy
|
| 200 |
1 |
|
|a Справочное пособие теплоэнергетика электрических станций
|f под ред. А. М. Леонкова
|
| 210 |
|
|
|a Минск
|c Беларусь
|d 1974
|
| 215 |
|
|
|a 368 с.
|c черт.
|
| 320 |
|
|
|a Библиогр.: с. 364-365.
|
| 606 |
1 |
|
|a Тепловые электрические станции
|2 stltpush
|3 (RuTPU)RU\TPU\subj\59599
|9 77109
|
| 610 |
1 |
|
|a электрические станции
|
| 610 |
1 |
|
|a тепловые электростанции
|
| 610 |
1 |
|
|a ТЭС
|
| 610 |
1 |
|
|a технико-экономические расчеты
|
| 610 |
1 |
|
|a паротурбинные установки
|
| 610 |
1 |
|
|a парогенераторные установки
|
| 610 |
1 |
|
|a вспомогательное оборудование
|
| 610 |
1 |
|
|a водоподготовка
|
| 610 |
1 |
|
|a водный режим
|
| 610 |
1 |
|
|a автоматическое управление
|
| 610 |
1 |
|
|a справочники
|
| 675 |
|
|
|a 621.311.22(035)
|v 3
|
| 702 |
|
1 |
|a Леонков
|b А. М.
|g Александр Митрофанович
|4 340
|
| 801 |
|
1 |
|a RU
|b 63413507
|c 20020129
|g PSBO
|
| 801 |
|
2 |
|a RU
|b 63413507
|c 20210227
|g PSBO
|
| 942 |
|
|
|c BK
|